[Event "43rd Ikaros Open 2020"]
[Site "Aghios Kirykos"]
[Date "2020.07.14"]
[Round "5.1"]
[White "Kotronias, Vasilios"]
[Black "Nikolaidis, Ioannis"]
[Result "1/2-1/2"]
[WhiteElo "2510"]
[BlackElo "2535"]
[Annotator "TA"]
[PlyCount "90"]
[EventDate "2020.07.10"]
[EventCountry "GRE"]
[SourceTitle "playchess.com"]
[Source "ChessBase"]
[SourceQuality "1"]

{[%evp 18,90,35,-3,6,0,0,-5,0,0,0,-25,-22,-106,-22,-23,155,157,147,175,156,63,96,43,48,42,39,47,44,54,97,107,114,116,96,88,86,75,68,43,46,47,61,64,54,8,12,8,12,8,51,16,57,52,60,15,16,8,8,8,8,8,8,8,8,8,8,8,8,0,0,0,132,132,132]} 1. e4 e6 2. d4 d5 3. Nd2 a6 4. Bd3 c5 5. dxc5 Bxc5 6. Ngf3 Nc6 7. O-O Nge7 8. a3 O-O 9. b4 Ba7 10. Bb2 Ng6 {C07: French Tarrasch: 3...c5, 4 Ngf3 and 4 exd5 Qxd5.} 11. e5 Nf4 12. Nb3 f6 {The position is equal.} 13. exf6 {[#]} e5 $146 ({Predecessor:} 13... gxf6 14. Re1 e5 15. Bf1 Bg4 16. Bc1 Nxg2 17. Bxg2 e4 18. Bh6 Ne5 19. Nbd2 exf3 20. Nxf3 {½-½ (38) Azarov,S (2586)-Cordova,E (2570) Saint Louis 2019}) 14. fxg7 Rf7 15. c4 ({But not} 15. Nxe5 $2 Qg5 $19) (15. Na5 $11 {remains equal.} Nxa5 16. bxa5) 15... Bg4 (15... Be6 $17 16. b5 (16. Nxe5 $2 Qg5 $19 {[%mdl 64] Double Attack}) 16... axb5 17. cxb5 e4 {[%mdl 64] Double Attack} 18. bxc6 Nxd3) 16. cxd5 $1 $11 {[#] Strongly threatening Bc4.} Nh3+ $2 (16... Nxg2 $11 17. Be4 (17. dxc6 $2 Bxf3 18. Qxf3 Rxf3 $19) 17... Nh4 18. dxc6 Bxf3 19. Qxd8+ Rxd8 20. Bxf3 Nxf3+ 21. Kg2 Rd6) 17. Kh1 $16 Bxf3 18. gxf3 Nd4 19. Bxd4 ({White should try} 19. Nxd4 $16 Bxd4 20. Bxd4 exd4 21. Bc4) 19... exd4 $14 {[#]} 20. Qe2 (20. d6 $1 $16 {aiming for Bc4.} Rxg7 21. Bf5 Qxd6 22. Bxh3) 20... Nf4 21. Qe4 {[%csl Gd3][%cal Re4h7]} Nxd3 22. Qxd3 Qxd5 23. Nd2 $1 Rxg7 24. Rg1 Rf8 25. Rxg7+ Kxg7 26. Rg1+ Kh8 27. Rg4 Qf5 28. Qxf5 Rxf5 {[%mdl 4096] Endgame KRB-KRN} 29. Kg2 a5 30. bxa5 Rxa5 31. Ne4 Rd5 32. Kf1 d3 {White must now prevent ...d2.} 33. Ke1 Bd4 34. Kd2 Bg7 35. f4 Ra5 36. Rg3 (36. Kxd3 {with more complications.} Rxa3+ 37. Ke2 b5 38. Nd6 b4 39. f5) 36... Rxa3 37. Rxd3 (37. Rg5 {is interesting.} Bh6 38. Rf5 Kg7 39. h4 Kg6 40. Nd6) 37... Rxd3+ 38. Kxd3 $11 {KB-KN} b5 $1 {[%cal Bb7b5,Bb5b4][%mdl 32]} 39. Kc2 Bf8 40. Nc3 b4 41. Nd5 Kg7 42. f5 Kh6 43. f4 Bd6 44. h3 Bxf4 (44... Kg7 $11) 45. Nxf4 $16 {f6 would kill now.} Kg5 {Accuracy: White = 68%, Black = 72%.} 1/2-1/2

[Event "43rd Ikaros Open 2020"]
[Site "Aghios Kirykos"]
[Date "2020.07.14"]
[Round "5.2"]
[White "Banikas, Hristos"]
[Black "Georgiou, Kostantinos"]
[Result "1/2-1/2"]
[WhiteElo "2599"]
[BlackElo "2228"]
[Annotator "TA"]
[PlyCount "79"]
[EventDate "2020.07.10"]
[EventCountry "GRE"]
[SourceTitle "playchess.com"]
[Source "ChessBase"]
[SourceQuality "1"]

{[%evp 12,79,36,26,31,22,25,26,17,31,24,3,19,-5,8,0,14,-12,0,0,0,-8,26,20,16,20,26,20,22,-10,25,0,0,-26,0,-33,-22,-52,-21,-47,-33,-31,2,-10,0,-27,-23,-21,0,0,0,-11,0,0,0,0,0,-22,0,-4,0,0,0,-7,0,0,0,-3,0,0]} 1. d4 Nf6 2. Nf3 e6 3. c4 Bb4+ 4. Bd2 c5 5. Bxb4 cxb4 6. a3 bxa3 7. Nxa3 O-O {E11: Bogo-Indian.} 8. g3 b6 9. Bg2 Bb7 {White has an edge.} 10. O-O a5 {[#]} 11. Nc2 $146 {[%cal Ba3c2,Bc2e3,Be3f5][%mdl 32]} ({Predecessor:} 11. Nb5 Na6 12. Nd6 Bc6 13. Nd2 Bxg2 14. Kxg2 Qc7 15. Nb5 Qc6+ 16. Kg1 Nb4 17. b3 {1-0 (30) Volkov,S (2557)-Shaposhnikov,E (2572) Cheliabinsk 2019}) 11... Na6 12. Ne3 d6 13. d5 e5 14. Ne1 Nc5 15. Nd3 Nfd7 16. Nf5 Nxd3 17. exd3 Qf6 18. Ne3 Nc5 19. Ra3 Rae8 20. Qd2 Qd8 21. d4 (21. Nc2 $142) 21... exd4 $11 22. Qxd4 Bc8 23. Rb1 a4 24. Rd1 Qg5 25. Bf3 Bd7 26. Nc2 Re7 27. Re3 Rfe8 28. Rde1 {[#] Threatens to win with h4.} Rxe3 29. Nxe3 b5 {The position is equal.} 30. cxb5 Bxb5 31. Rd1 Qe5 (31... h5 {looks sharper.} 32. h4 Qg6 33. Qf4 Nd3 34. Qd4 Ne5) 32. Qxe5 Rxe5 33. Rd4 Re7 34. Bd1 (34. Rb4 $5 {[%cal Rb4b5]} Rb7 35. Nf5 $11) 34... g6 35. Bc2 Rb7 36. Rb4 Na6 37. Rd4 Nc5 38. Rb4 Na6 39. Rf4 Nc5 40. Rb4 {Accuracy: White = 75%, Black = 84%.} 1/2-1/2

[Event "43rd Ikaros Open 2020"]
[Site "Aghios Kirykos"]
[Date "2020.07.14"]
[Round "5.3"]
[White "David, Alberto"]
[Black "Ladopoulos, Dimitrios"]
[Result "1-0"]
[WhiteElo "2526"]
[BlackElo "2260"]
[Annotator "TA"]
[PlyCount "59"]
[EventDate "2020.07.10"]
[EventCountry "GRE"]
[SourceTitle "playchess.com"]
[Source "ChessBase"]
[SourceQuality "1"]

{[%evp 18,59,6,8,12,9,54,56,59,61,38,21,66,75,91,86,87,81,156,153,165,160,167,158,165,164,163,162,141,144,181,169,289,206,212,216,205,202,176,163,402,392,435,431]} 1. e4 e6 2. d3 d5 3. Qe2 Nf6 4. Nf3 c5 5. g3 Be7 6. Bg2 Nc6 7. O-O O-O 8. e5 Nd7 9. c4 Nb6 10. h4 Bd7 {C00: French: Unusual White 2nd moves.} 11. Bf4 Nd4 12. Nxd4 cxd4 {White is slightly better.} 13. Nd2 Bc6 14. Rac1 Rc8 {[#]} 15. Rfd1 $146 {White stays focused until the end.} ({Predecessor:} 15. Qg4 Kh8 16. b3 Ba3 17. Rcd1 Qd7 18. Nf3 f5 19. exf6 gxf6 20. Rfe1 Rce8 21. Ne5 {1-0 (48) Pink,J (1826)-Jackson,O (2132) Coventry 2015}) 15... dxc4 16. dxc4 d3 17. Qg4 Bxg2 {[#]} ({Black should try} 17... Kh8) 18. Bh6 $1 $16 {[%csl Gh6][%cal Rg4g7][%mdl 512]} Bf6 19. exf6 Qxf6 20. Bg5 $1 {[%cal Rg5f6]} Qg6 21. Kxg2 $40 {[%mdl 128] Strongly threatening h5. White is out for blood.} h6 {[#]} 22. Nf3 $1 {[%cal Rf3e5] Ne5 is the strong threat.} (22. c5 $6 Nd5 $14) 22... hxg5 23. hxg5 Nd7 24. Rc3 Rcd8 (24... Qf5 $142 25. Qxf5 exf5) 25. Nh4 Qh7 26. g6 ({Not} 26. Rcxd3 Ne5 $15) 26... Qh6 27. gxf7+ ({Inferior is} 27. Rcxd3 Ne5 $15) 27... Kxf7 {Threatening ...Nf6.} 28. Nf3 ({And not} 28. Rcxd3 Ne5 $15) 28... Nf6 $2 (28... Ke7) 29. Ne5+ $18 {[%mdl 64] Double Attack} Ke7 {[#]} 30. Qg6 $1 {Accuracy: White = 94%, Black = 49%.} 1-0

[Event "43rd Ikaros Open 2020"]
[Site "Aghios Kirykos"]
[Date "2020.07.14"]
[Round "5.4"]
[White "Teskos, Georgios"]
[Black "Papasimakopoulos, Alexandros"]
[Result "0-1"]
[WhiteElo "1783"]
[BlackElo "2250"]
[Annotator "TA"]
[PlyCount "90"]
[EventDate "2020.07.10"]
[EventCountry "GRE"]
[SourceTitle "playchess.com"]
[Source "ChessBase"]
[SourceQuality "1"]

{[%evp 13,90,0,0,-16,-15,-19,-18,-41,-35,-70,-47,-44,-33,-45,-40,-136,-118,-117,-124,-125,-95,-130,-68,-72,-70,-83,-68,-114,-81,-95,-50,-64,-81,-164,-164,-162,-154,-289,-287,-303,-287,-299,-298,-293,-290,-299,-292,-294,-283,-294,-305,-338,-359,-336,-319,-436,-421,-447,-461,-438,-435,-574,-490,-587,-562,-642,-627,-620,-577,-821,-771,-1060,-1051,-1057,-1026,-1145,-1175,-29981,-29982]} 1. d4 Nf6 2. Bg5 d5 3. Bxf6 exf6 4. e3 Bd6 5. c4 dxc4 6. Bxc4 O-O 7. Nc3 f5 8. Qf3 {D00: 1 d4 d5: Unusual lines.} Nd7 9. Nge2 Nf6 10. Ng3 {[#] The position is equal.} g6 $146 ({Predecessor:} 10... f4 11. Nh5 Nxh5 12. Qxh5 g6 13. Qf3 Qh4 14. g3 Bg4 15. Qxb7 fxg3 16. hxg3 Qf6 {1-0 (41) Katkov,V (2084)-Volodin,K (1946) Voronezh 2013}) 11. h4 h5 12. Nge2 Kg7 13. Nf4 Rb8 14. O-O-O (14. Rc1 $15) 14... Bd7 $17 15. Qg3 Ng4 16. Nce2 Qe8 17. Rd3 Bb5 (17... b5 $17 18. Bd5 b4) 18. Bxb5 $15 Qxb5 19. Rhd1 Rfe8 20. Nc3 Qa6 21. Kb1 Kf8 22. Ncd5 Qa5 {Black continues to play with concentration.} 23. f3 {[#]} (23. Qf3 $17) 23... Qxd5 $1 $19 {[%mdl 576] Pin} 24. fxg4 (24. Nxd5 Bxg3) 24... fxg4 ({But not} 24... hxg4 25. h5 $17) 25. Qf2 (25. Qxg4 $17 Qxa2+ 26. Kxa2 hxg4 27. Rc1) 25... Qf5 26. g3 Re4 27. Ka1 Rbe8 28. Qd2 Kg8 29. Rb3 Bxf4 30. exf4 Qd5 {Strongly threatening ...Rxd4!} 31. Rd3 R8e6 32. a3 Re2 33. Qc1 c6 34. f5 Qxf5 35. d5 cxd5 36. Rxd5 Qc2 37. Rd8+ Kg7 38. Qxc2 Rxc2 {[%mdl 4096] Endgame KRR-KRR} 39. R8d7 Rg2 40. Rxb7 Rxg3 41. Rxa7 Rge3 42. Rdd7 Rf3 43. Rd2 g3 44. Rg2 Re4 45. b4 Re1+ {Accuracy: White = 41%, Black = 88%.} 0-1

[Event "43rd Ikaros Open 2020"]
[Site "Aghios Kirykos"]
[Date "2020.07.14"]
[Round "5.5"]
[White "Karagiannis, Athanasios"]
[Black "Xenakis, Nikolaos"]
[Result "1-0"]
[WhiteElo "2169"]
[BlackElo "1712"]
[Annotator "TA"]
[PlyCount "41"]
[EventDate "2020.07.10"]
[EventCountry "GRE"]
[SourceTitle "playchess.com"]
[Source "ChessBase"]
[SourceQuality "1"]

{[%evp 12,41,33,12,60,55,58,35,68,43,54,67,60,58,64,63,79,66,83,75,97,110,144,156,193,166,285,289,925,906,1256,1060]} 1. Nf3 Nf6 2. c4 c5 3. d4 cxd4 4. Nxd4 Nc6 5. Nc3 Qb6 6. Nb3 e6 7. e4 Be7 {A31: Symmetrical English: 2 Nf3 Nf6 3 d4.} (7... Bb4 {seems wilder.} 8. Bd3 Ne5 9. O-O Qd6 10. Bf4 Bxc3 11. bxc3 Qxd3 12. Bxe5 Qxd1 13. Rfxd1 Nxe4 14. Bxg7 Rg8) 8. Be3 (8. Be2 {is more complex.} Qd8 9. O-O O-O 10. f4 e5 11. Be3) 8... Qd8 {[#]} 9. f4 $146 ({Predecessor:} 9. Be2 O-O 10. O-O a6 11. a3 Qc7 12. Rc1 Qb8 13. f4 d6 14. g4 b6 15. g5 Ne8 16. Qe1 Nc7 17. Qg3 Rd8 18. Bf3 Bb7 19. f5 {0-1 (21) Matzat,A-Pfaff,T Darmstadt 1997}) 9... d6 {White is slightly better.} 10. Bd3 O-O 11. O-O b6 12. Qf3 Bb7 13. Rad1 Qc8 14. a3 Nd7 15. Qh3 Nf6 16. g4 $36 {[%mdl 2048] White is in control.} e5 {[#]} 17. f5 $1 Ne8 18. Nd5 f6 (18... Qd8 $142 19. Nxe7+ Nxe7) 19. c5 $18 {Black must now prevent Bc4!} dxc5 $2 {[#]} (19... Rf7 20. cxb6 Ba6) 20. Bc4 $1 {[%mdl 512] Threatening mate with Nxf6+.} Kh8 21. Rf3 {Black got outplayed after the opening. Accuracy: White = 88%, Black = 36%.} 1-0

[Event "43rd Ikaros Open 2020"]
[Site "Aghios Kirykos"]
[Date "2020.07.14"]
[Round "5.6"]
[White "Koutsompinas, Georgios"]
[Black "Chatzieleftheriou, Andreas"]
[Result "0-1"]
[WhiteElo "1560"]
[BlackElo "2155"]
[Annotator "TA"]
[PlyCount "50"]
[EventDate "2020.07.10"]
[EventCountry "GRE"]
[SourceTitle "playchess.com"]
[Source "ChessBase"]
[SourceQuality "1"]

{[%evp 9,50,20,22,24,21,7,8,8,16,16,20,29,38,8,14,13,26,26,37,30,43,22,18,0,0,-259,-255,-249,-258,-284,-285,-291,-283,-286,-266,-308,-295,-618,-476,-430,-417,-644,-663]} 1. d4 d5 2. c4 e6 3. Nc3 a6 4. cxd5 exd5 5. Nf3 Nf6 6. Bf4 {D37: Queen's Gambit Declined: 5 Bf4.} Bd6 7. Bxd6 Qxd6 8. e3 {The position is equal.} O-O 9. Qc2 c5 10. dxc5 Qxc5 {[#]} 11. Nd4 $146 ({Predecessor:} 11. Be2 Nc6 12. O-O Be6 13. Rfd1 Rac8 14. Rac1 Qe7 15. Qa4 h6 16. Qf4 Nh5 17. Qh4 Nf6 18. Qf4 Nh5 19. Qh4 Nf6 20. Nd4 Qb4 21. Nf3 Qe7 22. a3 {½-½ (22) Pavlovic,M (2457)-Miladinovic,I (2604) Mataruska Banja 2008}) 11... Nc6 {[%cal Bb8c6,Bc6e5,Be5c4,Bc4a5][%mdl 32]} 12. Rd1 Ne5 13. Be2 Bd7 14. O-O Rac8 15. Qb3 b5 16. Bf3 {[%cal Rf3d5]} Nc4 17. Nde2 $2 {[%mdl 8192] [#]} (17. Nce2 $11 {and White stays safe.}) 17... Na5 $19 18. Qc2 b4 19. Qd3 {[%cal Rc3d5]} bxc3 20. Nxc3 Bb5 21. Nxb5 axb5 22. Bxd5 Rfd8 ({Don't play} 22... Nxd5 23. Qxd5 Qb6 24. Qd4 $19) 23. Qf5 $2 {[#]} (23. e4) 23... Rxd5 24. Rxd5 Nxd5 25. Rd1 (25. e4 $142) 25... g6 {Accuracy: White = 53%, Black = 94%.} 0-1

[Event "43rd Ikaros Open 2020"]
[Site "Aghios Kirykos"]
[Date "2020.07.15"]
[Round "6.1"]
[White "Nikolaidis, Ioannis"]
[Black "David, Alberto"]
[Result "1/2-1/2"]
[WhiteElo "2535"]
[BlackElo "2526"]
[Annotator "TA"]
[PlyCount "33"]
[EventDate "2020.07.10"]
[EventCountry "GRE"]
[SourceTitle "playchess.com"]
[Source "ChessBase"]
[SourceQuality "1"]

{[%evp 14,33,54,25,52,23,27,27,25,26,26,-36,-64,-98,-17,-29,0,-38,-36,-45,-38,-94]} 1. e4 c5 2. Nf3 e6 3. d4 cxd4 4. Nxd4 a6 5. Bd3 Bc5 6. Nb3 Be7 7. O-O d6 8. f4 Nc6 {B42: Sicilian: Kan Variation: 5 Bd3.} 9. c3 Nf6 10. Be3 e5 {White has an edge.} 11. f5 g6 {[#]} 12. fxg6 $146 (12. c4 $11) ({Predecessor:} 12. c4 gxf5 13. exf5 e4 14. Be2 Ne5 15. Nc3 Bd7 16. Nd5 Nxd5 17. cxd5 Bg5 18. Qd4 Rg8 19. Nd2 Bb5 20. Bxb5+ axb5 21. b3 Bf6 22. Qxe4 Rg4 23. Bf4 Kf8 {½-½ (23) Stojcevski,Z (2355)-Smirin,I (2657) Plovdiv 2010}) 12... hxg6 $15 13. h3 {[#]} Be6 ({Black should try} 13... g5 $1 $17 14. Qe1 (14. Bxg5 Qb6+ 15. Kh1 Nh5 $17) 14... g4) 14. N1d2 $11 Rc8 15. Rf3 Nb8 16. Qe2 Qc7 17. Raf1 {Accuracy: White = 42%, Black = 71%.} (17. Rf2 $15) 1/2-1/2

[Event "43rd Ikaros Open 2020"]
[Site "Aghios Kirykos"]
[Date "2020.07.15"]
[Round "6.2"]
[White "Papasimakopoulos, Alexandros"]
[Black "Kotronias, Vasilios"]
[Result "0-1"]
[WhiteElo "2250"]
[BlackElo "2510"]
[Annotator "TA"]
[PlyCount "60"]
[EventDate "2020.07.10"]
[EventCountry "GRE"]
[SourceTitle "playchess.com"]
[Source "ChessBase"]
[SourceQuality "1"]

{[%evp 17,60,19,22,34,32,32,33,23,35,29,27,31,34,-59,-27,-157,-170,-145,-131,-155,-139,-140,-110,-127,-142,-139,-145,-155,-160,-149,-148,-158,-160,-162,-152,-146,-153,-143,-146,-385,-344,-668,-683,-691,-678]} 1. d4 Nf6 2. c4 g6 3. Nc3 Bg7 4. e4 d6 5. f3 O-O 6. Nge2 c5 7. d5 e6 8. Ng3 exd5 9. cxd5 h5 10. Bg5 {A65: Modern Benoni: 6 e4.} Qb6 11. Qd2 Nh7 12. Bh4 {White is slightly better. The main line 12.Bh4 scores better than 12.Be3.} a6 13. a4 {[#]} Re8 $146 ({Predecessor:} 13... Nd7 14. Be2 Re8 15. Nf1 Ne5 16. Ne3 Qb4 17. O-O Bd7 18. Kh1 b5 19. f4 Qd4 {1-0 (48) Korobov,A (2685)-Amin,B (2673) chess.com INT 2020}) 14. Be2 Qb4 15. f4 ({White should play} 15. Nf1 $14) 15... Nd7 $15 {[%cal Bb8d7,Bd7c5,Bc5b3,Bb3d2][%mdl 32]} 16. O-O (16. h3 $11 {keeps the balance.}) 16... Qd4+ $17 17. Qxd4 cxd4 18. Nd1 Nc5 19. Nf2 Bd7 20. a5 Bh6 21. b4 Nb3 22. Ra3 Nd2 23. Rd1 Bxf4 24. Rd3 g5 25. Nxh5 Be3 ({Not} 25... gxh4 26. Nxf4 Nxe4 27. Nxe4 $11 (27. Rxd4 Nc3 $15)) ({Weaker is} 25... Nxe4 26. Nxe4 (26. Nxf4 Nc3 $15) 26... Rxe4 27. Nxf4 $11) 26. R3xd2 {[#] Hoping for Bg3.} gxh4 27. Rxd4 f5 {And now ...fxe4 would win.} 28. Bf3 $2 (28. R4d3 $17 Rxe4 29. Kf1) 28... Bb5 29. R4d2 $2 (29. h3 Rac8 30. exf5) 29... fxe4 $19 30. Bg4 Bxd2 {Accuracy: White = 57%, Black = 100%.} 0-1

[Event "43rd Ikaros Open 2020"]
[Site "Aghios Kirykos"]
[Date "2020.07.15"]
[Round "6.3"]
[White "Xilogiannis, Dimitrios"]
[Black "Banikas, Hristos"]
[Result "0-1"]
[WhiteElo "2022"]
[BlackElo "2599"]
[Annotator "TA"]
[PlyCount "54"]
[EventDate "2020.07.10"]
[EventCountry "GRE"]
[SourceTitle "playchess.com"]
[Source "ChessBase"]
[SourceQuality "1"]

{[%evp 11,54,-2,-3,0,5,-7,25,11,18,0,37,31,19,27,37,22,54,12,20,12,27,-66,-63,-96,-89,-66,-37,-77,-68,-66,-76,-79,-90,-139,-123,-123,-120,-562,-528,-540,-520,-891,-865,-750,-730]} 1. d4 Nf6 2. Nf3 d6 3. Bg5 Nbd7 4. Nbd2 h6 5. Bh4 g5 6. Bg3 Nh5 7. e4 {A46: 1 d4 Nf6 2 Nf3 e6: Torre, London and Colle Systems.} Bg7 8. c3 e6 9. Bd3 {White has an edge.} O-O 10. O-O {[#]} f5 $146 {White should prevent ...f4.} ({Predecessor:} 10... Nxg3 11. hxg3 c5 12. Nc4 cxd4 13. Nxd4 Nc5 14. a4 b6 15. Bc2 Bb7 16. Re1 Qd7 {½-½ (66) Aalderink,G (2115)-Daurelle,H (2212) LSS email 2010}) 11. exf5 exf5 {next ...f4 is good for Black.} 12. h3 Ndf6 13. Bh2 Kh8 14. Nc4 Nd5 15. Nfd2 Ndf4 16. Bxf4 ({White should try} 16. Bc2 $11) 16... Nxf4 $15 17. Bc2 Bd7 18. Ne3 Qf6 19. Kh2 {[#]} g4 $1 {[%mdl 512]} 20. hxg4 Qh4+ 21. Kg1 fxg4 {Strongly threatening ...Rae8.} 22. Ne4 Rae8 {And now ...d5 would win.} 23. Qd2 Bc6 $40 {[%mdl 128] Black wants a kill.} 24. Ng3 $2 {[%mdl 8192] [#] This move loses the game for White.} (24. d5 $17 {nothing else works.} Nxd5 25. Nxd5 Bxd5 26. Ng3 (26. Qxd5 $2 Re5 $19)) 24... Rxe3 $1 $19 {[%mdl 576] Remove Defender. Black is clearly winning.} 25. Qxe3 Bxg2 26. Be4 {[#]} (26. Qxf4 $142 Rxf4 27. Kxg2) 26... Bf3 $1 {[%mdl 512] ( -> ...Nh3+)} 27. Bxf3 Nh3+ {Accuracy: White = 55%, Black = 80%.} 0-1

[Event "43rd Ikaros Open 2020"]
[Site "Aghios Kirykos"]
[Date "2020.07.15"]
[Round "6.4"]
[White "Georgiou, Kostantinos"]
[Black "Gazis, Efstathios"]
[Result "1-0"]
[WhiteElo "2228"]
[BlackElo "2133"]
[Annotator "TA"]
[PlyCount "81"]
[EventDate "2020.07.10"]
[EventCountry "GRE"]
[SourceTitle "playchess.com"]
[Source "ChessBase"]
[SourceQuality "1"]

{[%evp 18,81,22,9,18,0,6,0,0,-11,-3,-16,-9,-10,0,0,41,-9,5,3,8,0,11,-32,0,-22,0,0,0,-20,-45,-69,0,0,0,0,19,23,23,27,57,0,159,156,153,163,152,0,0,0,147,143,122,92,835,844,747,746,659,558,29990,29991,29991,29992,29993,29994]} 1. d4 Nf6 2. Nf3 e6 3. e3 b6 4. Bd3 Bb7 5. O-O c5 6. b3 Be7 7. Bb2 O-O 8. Nbd2 cxd4 9. exd4 d6 10. Re1 Re8 {A47: 1 d4 Nf6 2 Nf3 b6: Torre, London and Colle Systems.} 11. Nf1 Nbd7 12. c4 d5 {The position is equal.} 13. Ng3 Rc8 {[#]} 14. Ne5 $146 ({Predecessor:} 14. Qe2 Qc7 15. Rac1 Qb8 16. Ne5 dxc4 17. Bxc4 Nf8 18. Nh5 Qa8 19. Rc3 Nxh5 20. Qxh5 {1-0 (32) El Gindy,E (2498)-Medvegy,Z (2498) Cairo 2003}) 14... dxc4 15. bxc4 Bb4 16. Re3 Rc7 17. Nh5 {Black must now prevent d5.} g6 (17... Nxe5 {with more complications.} 18. Nxf6+ Qxf6 19. dxe5 Qg5 20. Rg3 Qd2) 18. Nxf6+ Nxf6 19. Qb3 Bf8 20. Be2 Qa8 21. Bf3 Bh6 22. Bxb7 Qxb7 23. Rf3 Ne4 {And now ...Nd2 would win.} 24. Rd3 Rec8 (24... Bg7 $15) 25. Rad1 $11 Bg7 26. f3 Nd6 {[%cal Rd6c4]} 27. d5 exd5 $1 ({Avoid the trap} 27... Nxc4 $2 28. Nxc4 Rxc4 29. dxe6 $18) 28. Rxd5 Ne8 29. Rd8 (29. Nd7 $14 Bxb2 30. Qxb2) 29... Rxd8 $2 ({Black should try} 29... Re7 $11 30. R8d7 Rc7 31. Rxc7 Qxc7) 30. Rxd8 $16 Rc8 31. Rd7 Rc7 32. Rd8 $2 ({Only move:} 32. c5 $1 $16 {Threatening mate with Qxf7+.} Rxd7 33. c6 {[%mdl 64] Double Attack} Rd1+ 34. Qxd1) 32... Rc8 $1 $11 {[%cal Rc8d8]} 33. Rd7 ({Better is} 33. Qd1 $11) 33... Rc7 $16 {[#]} 34. c5 $1 {White wants to mate with Qxf7+.} Rxd7 35. c6 $40 {[%mdl 192] [#] Double Attack. White goes for the king.} Qc7 $2 {[%mdl 8192] This costs Black the game.} (35... Rd1+ $1 $16 {[%mdl 512]} 36. Qxd1 Qe7) 36. cxd7 $18 Nd6 {[#]} 37. Qd5 $1 {[%mdl 512] Qa8+ would kill now.} Bf6 38. Nc6 Bh4 {[#]} 39. Qe5 $1 {[%csl Gb2][%cal Re5h8][%mdl 512] White mates.} f6 40. Qe6+ Nf7 41. d8=Q+ {[%mdl 64] Double Attack. Accuracy: White = 83%, Black = 74%.} 1-0

[Event "43rd Ikaros Open 2020"]
[Site "Aghios Kirykos"]
[Date "2020.07.15"]
[Round "6.5"]
[White "Chatzieleftheriou, Andreas"]
[Black "Karagiannis, Athanasios"]
[Result "1-0"]
[WhiteElo "2155"]
[BlackElo "2169"]
[Annotator "TA"]
[PlyCount "103"]
[EventDate "2020.07.10"]
[EventCountry "GRE"]
[SourceTitle "playchess.com"]
[Source "ChessBase"]
[SourceQuality "1"]

{[%evp 12,103,29,31,38,28,43,37,40,38,35,37,37,31,68,60,63,56,61,46,64,51,41,29,29,23,31,0,23,8,14,10,25,26,18,14,39,19,39,39,35,38,35,39,40,32,32,21,26,26,51,10,45,10,10,10,10,10,10,10,71,71,71,71,71,71,108,108,108,108,1169,1015,2079,1600,1564,108,108,137,371,108,108,108,29972,29977,29977,29978,29979,29980,29981,29982,29982,29983,29984,29985]} 1. c4 c6 2. Nf3 d5 3. e3 Nf6 4. b3 g6 5. Bb2 Bg7 6. Be2 O-O 7. O-O a5 {A12: English Opening: 1...c6 with b3 by White.} 8. a3 Bf5 {[#]} 9. d3 $146 ({Predecessor:} 9. Nh4 Be6 10. d3 a4 11. b4 dxc4 12. dxc4 c5 13. Qc2 Nc6 14. b5 Na5 15. Nd2 {0-1 (41) Voigt,R (2335)-Vavra,P (2380) Germany 2003}) 9... h6 {White is slightly better.} 10. Nbd2 g5 11. Qc2 Bh7 12. Ne5 dxc4 13. Ndxc4 Nfd7 14. Nxd7 Nxd7 15. Bxg7 Kxg7 16. Qc3+ f6 17. b4 axb4 18. axb4 Qc7 19. e4 Ne5 20. Ne3 Rfd8 21. d4 Nf7 22. f3 Rxa1 23. Rxa1 Qb6 24. Rd1 e5 {[%cal Re5d4]} 25. Qc5 Qxc5 26. dxc5 Rxd1+ 27. Bxd1 $14 {[%mdl 4096] Endgame KBN-KBN} h5 28. Bb3 Nd8 $1 29. Kf2 Kf8 30. g3 Ke7 31. h4 Bg6 32. Ke2 Kd7 33. Nf5 Ne6 34. Bxe6+ $1 Kxe6 $11 {KB-KN} 35. Ne3 Kd7 (35... gxh4 $11 36. gxh4 Kd7) 36. hxg5 $16 fxg5 {[#]} 37. Nc4 $1 {[%cal Rc4e5]} Ke6 38. Na5 h4 {aiming for ...h3.} 39. Kf2 Kd7 40. Nxb7 Bf7 $2 {[%mdl 8192]} (40... hxg3+ $16 41. Kxg3 Ke7) 41. Nd6 hxg3+ 42. Kxg3 Bh5 {[#]} 43. Nc4 $2 (43. Nf5 $1 $18 {[%cal Rf5g7] is the precise move to win. Hoping for Ng7.} Kc8 44. Ng7) 43... Ke6 44. Ne3 Kf6 $2 (44... Bf7 $16 {is a better defense.} 45. Nc4 Kf6) 45. Ng4+ $2 (45. Kf2 $18 {and the rest is easy.}) 45... Ke6 46. Kf2 {Strongly threatening Ke3.} Bxg4 $2 {[%mdl 8192]} (46... Be8 $16 47. Ne3 Kf6) 47. fxg4 {KP-KP. White mates.} Kd7 48. Ke3 Kc7 49. Kd3 Kb7 50. Kc4 Ka6 {[#]} 51. b5+ $1 {[%mdl 512]} cxb5+ 52. Kb4 {Accuracy: White = 76%, Black = 62%.} 1-0